000 00442nam a2200193Ia 4500
005 20241104005053.0
008 240331s9999 xx 000 0 und d
020 _a0440156637
082 _bFRI
_a823
100 _aFriday, Nancy
245 0 _aMy mother my self
260 _aNew York
_bDell Publishing Co. INC
_c1977
300 _a475 P .,
650 _aWomen
650 _aGender
650 _asex
650 _aparenthood
942 _cL
999 _c5862
_d5862